| Tag |
First Indicator |
Second Indicator |
Subfields |
| LEADER |
00000cam a2200000 4500 |
| 001 |
in00000068673 |
| 005 |
20151008050250.0 |
| 008 |
741211s1940 lau b 00000 eng u |
| 010 |
|
|
|a 40028815
|
| 035 |
|
|
|a (OCoLC)01106844
|
| 035 |
|
|
|9 AAG0213AM
|
| 040 |
|
|
|c OUN
|d OCL
|d TXA
|d UtOrBLW
|
| 049 |
|
|
|a TXAM
|c [180937]
|
| 050 |
|
0 |
|a PC13
|b .L64 no. 4
|
| 051 |
|
|
|a JC179.M8
|b S65
|c Copy 2.
|
| 092 |
|
|
|a 320.1
|b S772m
|
| 100 |
1 |
|
|a Spurlin, Paul Merrill,
|d 1902-
|
| 245 |
1 |
0 |
|a Montesquieu in America, 1760-1801 /
|c [by] Paul Merrill Spurlin ...
|
| 264 |
|
1 |
|a University La. :
|b Louisiana state university press,
|c 1940.
|
| 300 |
|
|
|a xi, 302 pages ;
|c 23 cm.
|
| 336 |
|
|
|a text
|b txt
|2 rdacontent
|
| 337 |
|
|
|a unmediated
|b n
|2 rdamedia
|
| 338 |
|
|
|a volume
|b nc
|2 rdacarrier
|
| 490 |
1 |
|
|a [Louisiana state university] Romance languages series. No. 4
|
| 500 |
|
|
|a Originally presented as the author's thesis, Johns Hopkins University.
|
| 504 |
|
|
|a Bibliography: pages 263-282.
|
| 600 |
1 |
0 |
|a Montesquieu, Charles de Secondat,
|c baron de,
|d 1689-1755.
|
| 830 |
|
0 |
|a Romance languages series ;
|v no. 4.
|
| 999 |
|
|
|a MARS
|
| 999 |
f |
f |
|s ef5307e2-0bb0-3b98-a7c4-534934cc9973
|i 52db01be-56cc-336f-af93-684f277c5a2e
|t 0
|
| 952 |
f |
f |
|p normal
|a Texas A&M University
|b College Station
|c Sterling C. Evans Library
|d Evans: Library Stacks
|t 0
|e PC13 .L64 no. 4
|h Library of Congress classification
|i unmediated -- volume
|m A14800657812
|
| 998 |
f |
f |
|a PC13 .L64 no. 4
|t 0
|l Evans: Library Stacks
|